Renault Formula one drivers - Statistics

General Stats
  • This quiz has been taken 56 times
  • The average score is 6 of 14
Answers on the Grid
Answers color-coded by a green-red scale on the quiz's grid according to % correct below.
Fernando Alonso
Kimi Raikkonen
Sebastian Vettel
David Coulthard
Mark Webber
Jarno Trulli
Rene Arnoux
Kamui Kobayashi
Robert Kubica
Carlos Sainz
Jean Alesi
Kevin Magnussen
Eddie Irvine
Giancarlo Fisichella
Eddie Cheever
Jenson Button
Esteban Ocon
Adrian Sutil
Jonathan Palmer
Heikki Kovalainen
Ayerton Senna
Alain Prost
Gerhard Berger
Patrick Tambay
Johnnhy Herbert
Gilles Villeneuve
Didier Peroni
Jacques Villeneuve
Jean Behra
Louis Rosier
Erik Comas
François Cevert
 
Answer Stats
Answer % Correct
Fernando Alonso
97%
Carlos Sainz
67%
Giancarlo Fisichella
61%
Jarno Trulli
61%
Esteban Ocon
55%
Robert Kubica
52%
Rene Arnoux
48%
Kevin Magnussen
45%
Alain Prost
36%
Jenson Button
33%
Heikki Kovalainen
21%
Jacques Villeneuve
21%
Patrick Tambay
21%
Eddie Cheever
18%
No matching quizzes found
Score Distribution
Percent of People with Each Score
Percentile by Number Answered
Your Score History
You have not taken this quiz